La hospitalidad de San Juan de Dios y su labor en Zacatecas, 1608-1826. (Record no. 1818)

MARC details
000 -CABECERA
campo de control de longitud fija 00802nam a2200217 a 4500
001 - NÚMERO DE CONTROL
campo de control BRCA_2054
005 - FECHA Y HORA DE LA ÚLTIMA TRANSACCIÓN
campo de control 20190320203642.0
008 - DATOS DE LONGITUD FIJA--INFORMACIÓN GENERAL
campo de control de longitud fija 060808s1995----mx-#---###---#000-0#spa-#
050 #4 - SIGNATURA TOPOGRÁFICA DE LA BIBLIOTECA DEL CONGRESO
Número de clasificación N8080.J8
Número de documento/Ítem .G66 1995
100 1# - ENTRADA PRINCIPAL--NOMBRE DE PERSONA
Nombre de persona González Fasani, Ana Mónica
9 (RLIN) 6265
245 10 - MENCIÓN DE TÍTULO
Título La hospitalidad de San Juan de Dios y su labor en Zacatecas, 1608-1826.
260 ## - PUBLICACIÓN, DISTRIBUCIÓN, ETC.
Lugar de publicación, distribución, etc. Zacatecas, México
Fecha de publicación, distribución, etc. 1995
300 ## - DESCRIPCIÓN FÍSICA
Extensión 326 p.
500 ## - NOTA GENERAL
Nota general Ejemplar engargolado
502 ## - NOTA DE TESIS
Nota de tesis Tesis Maestría (Maestra en Estudios Novohispanos) Universidad Autónoma de Zacatecas, Facultad de Humanidades
650 14 - PUNTO DE ACCESO ADICIONAL DE MATERIA--TÉRMINO DE MATERIA
Término de materia o nombre geográfico como elemento de entrada Orden Hospitalaria de San Juan de Dios
Subdivisión cronológica 1608-1826
Subdivisión geográfica Zacatecas
9 (RLIN) 6266
650 14 - PUNTO DE ACCESO ADICIONAL DE MATERIA--TÉRMINO DE MATERIA
Término de materia o nombre geográfico como elemento de entrada San Juan de Dios
Subdivisión general Hospitalidad
Subdivisión cronológica 1608-1826
Subdivisión geográfica Zacatecas
9 (RLIN) 6267
653 0# - TÉRMINO DE INDIZACIÓN--NO CONTROLADO
Término no controlado Ordenes hospitalarias
902 ## - CATALOGADOR
Iniciales TES
942 ## - ELEMENTOS DE PUNTO DE ACCESO ADICIONAL (KOHA)
Fuente del sistema de clasificación o colocación Library of Congress Classification
Tipo de ítem Koha Tesis
Holdings
Estado de retiro Estado de pérdida Estado dañado No para préstamo Localización permanente Ubicación/localización actual Fecha de adquisición Total de préstamos Signatura topográfica completa Código de barras Fecha visto por última vez Precio válido a partir de Tipo de ítem Koha
El ejemplar forma parte de la colección y puede ser consultado según las políticas vigentes.       Biblioteca del Museo Franz Mayer (Rogerio Casas-Alatriste) Biblioteca del Museo Franz Mayer (Rogerio Casas-Alatriste) 06/08/2008   N8080.J8 .G66 1995 TES00004 22/03/2019 22/03/2019 Tesis